[Event "Festival de la Juventud U14"]
[Site "Hermosillo"]
[Date "2002.03.29"]
[Round "4"]
[White "Sedano Salas, Juan Carlos"]
[Black "Leon Hoyos, Manuel"]
[Result "0-1"]
[WhiteElo "1559"]
[BlackElo "2179"]
[PlyCount "54"]
[EventDate "2002.03.26"]
[EventType "swiss"]
[EventRounds "6"]
[EventCountry "MEX"]
[SourceTitle "EXT 2003"]
[Source "ChessBase"]
[SourceDate "2002.11.25"]
[SourceVersion "1"]
[SourceVersionDate "2002.11.25"]
[SourceQuality "1"]

1. d4 d5 2. c4 e6 3. Nc3 c6 4. Nf3 dxc4 5. e4 b5 6. a4 Bb4 7. Bd2 Bb7 8. axb5 Bxc3 9. Bxc3 cxb5 10. d5 Nf6 11. Qd4 exd5 12. exd5 Qxd5 13. Rxa7 Qxd4 14. Bxd4 Rxa7 15. Bxa7 0-0 16. Be2 Nc6 17. Be3 Nd5 18. Bd2 Re8 19. Kd1 h6 20. Re1 Bc8 21. h3 Bd7 22. Bf1 Ra8 23. Kc2 Bf5+ 24. Kd1 Ra1+ 25. Bc1 Ndb4 26. Re8+ Kh7 27. Kd2 Bd3 0-1

[Event "MEX ol U16"]
[Site "Mexico City"]
[Date "2001.??.??"]
[Round "?"]
[White "Sedano Salas, Juan Carlos"]
[Black "Apodaca Rayon, Gonzalo"]
[Result "0-1"]
[WhiteElo "1515"]
[BlackElo "1360"]
[PlyCount "42"]
[EventDate "2001.??.??"]
[EventType "swiss"]
[EventRounds "6"]
[EventCountry "MEX"]
[SourceTitle "EXT 2004"]
[Source "ChessBase"]
[SourceDate "2003.11.25"]
[SourceVersion "1"]
[SourceVersionDate "2003.11.25"]
[SourceQuality "1"]

1. d4 d6 2. c4 Nc6 3. Nf3 g6 4. d5 Nb8 5. e4 Bg7 6. Bg5 Bxb2 7. Nbd2 Bxa1 8. Qxa1 f6 9. Bd3 Nd7 10. h4 h6 11. e5 hxg5 12. Bxg6+ Kf8 13. e6 Ne5 14. Nxe5 dxe5 15. Ne4 Rxh4 16. Rf1 c6 17. g3 Rh6 18. Bf7 cxd5 19. Nxg5 fxg5 20. f4 Qa5+ 21. Kd1 Rh2 0-1

[Event "Olympiad U18"]
[Site "Atlacomulco"]
[Date "2001.??.??"]
[Round "2"]
[White "Sedano Salas, Juan Carlos"]
[Black "Lara Ayub, Karim"]
[Result "0-1"]
[WhiteElo "1515"]
[BlackElo "1319"]
[PlyCount "62"]
[EventDate "2001.05.29"]
[EventType "swiss"]
[EventRounds "5"]
[EventCountry "MEX"]
[SourceTitle "EXT 2002"]
[Source "ChessBase"]
[SourceDate "2001.11.25"]
[SourceVersion "1"]
[SourceVersionDate "2001.11.25"]
[SourceQuality "1"]

1. d4 Nf6 2. c4 g6 3. Nc3 d5 4. cxd5 Nxd5 5. e4 Nxc3 6. bxc3 Bg7 7. Nf3 0-0 8. Bc4 c5 9. e5 Nc6 10. 0-0 Bg4 11. Be3 Qc7 12. Be2 Rfd8 13. Rc1 Rac8 14. Qb3 e6 15. Rc2 Rd7 16. Rd1 h6 17. Qa3 cxd4 18. cxd4 Qd8 19. Rdc1 Rdc7 20. Qa4 Qd7 21. d5 Bxf3 22. Bxf3 exd5 23. Bf4 Qe6 24. h3 h5 25. Rc5 Rd8 26. Rd1 Rcd7 27. Bg5 f6 28. exf6 Bxf6 29. Bxf6 Qxf6 30. Bxd5+ Kh7 31. Rcc1 Rxd5 0-1